| 000 | 00000nam 2200000zi 4500 |
| 001 | 9.942779 |
| 003 | CaOODSP |
| 005 | 20250110151110 |
| 006 | m o d f |
| 007 | cr |n||||||||| |
| 008 | 240118s1972 oncdb ob f|0| 0 eng d |
| 040 | |aCaOODSP|beng|erda|cCaOODSP |
| 043 | |an-cn-nt |
| 086 | 1 |aCW66-1542/1972E-PDF |
| 100 | 1 |aHawley, Vernon D., |eauthor. |
| 245 | 10|aAerial beaver censuses on the Mackenzie Delta, N.W.T. / |cVernon D. Hawley and Denis A. Benson. |
| 264 | 1|a[Ottawa] : |b[Canadian Wildlife Service], |c[1972] |
| 300 | |a1 online resource (67 pages) : |bcharts, maps |
| 336 | |atext|btxt|2rdacontent |
| 337 | |acomputer|bc|2rdamedia |
| 338 | |aonline resource|bcr|2rdacarrier |
| 500 | |aDigitized edition from print [produced by Environment and Climate Change Canada]. |
| 504 | |aIncludes bibliographical references (pages 66-67). |
| 650 | 0|aBeavers|zMackenzie River Delta (N.W.T. and Yukon) |
| 650 | 0|aZoological surveys|zMackenzie River Delta (N.W.T. and Yukon) |
| 650 | 6|aCastors|zMackenzie, Delta du (T.N.-O. et Yukon) |
| 650 | 6|aInventaires fauniques|zMackenzie, Delta du (T.N.-O. et Yukon) |
| 710 | 2 |aCanadian Wildlife Service, |eissuing body. |
| 856 | 40|qPDF|s20.80 MB|uhttps://publications.gc.ca/collections/collection_2025/eccc/cw66/CW66-1542-1972-eng.pdf |